| 000 | 00686nam a2200229Ia 4500 | ||
|---|---|---|---|
| 001 | 8379 | ||
| 003 | GE_BSU | ||
| 008 | 181216s||||||||xx |||||||||||||| ||und|| | ||
| 040 | _cGE_BSU | ||
| 080 | _a821.353.1-11 | ||
| 100 | _aერისთავი,რაფიელ | ||
| 245 | _aთხზულებანი ტ.2 პოემები | ||
| 245 | _bპოემები | ||
| 245 | _cრედ. შ. რადიანი | ||
| 260 | _aტფილისი | ||
| 260 | _bსახელმწიფო გამოცემა | ||
| 260 | _c1936 | ||
| 300 | _a210გვ.23სმ. | ||
| 653 | _aლექსები. | ||
| 653 | _aპოემები | ||
| 942 | _cBK | ||
| 999 |
_c41702 _d41702 |
||